| 000 | 01732nam a22005417a 4500 | ||
|---|---|---|---|
| 003 | OSt | ||
| 005 | 20230420122416.0 | ||
| 008 | 221006b |||||||| |||| 00| 0 eng d | ||
| 040 | _cBiblioteca Lado V | ||
| 082 |
_a700 _bZ39a |
||
| 100 |
_9802 _aZaya, Antonio _eeditor _edirector |
||
| 245 |
_aAtalantica/ _bRevista de Arte y Pensamiento/ |
||
| 260 |
_bCentro Atlantico de Arte Moderno _c1998 _aEspaña |
||
| 300 |
_c24x30cm _a192p. |
||
| 366 | _efre | ||
| 366 | _eeng | ||
| 490 |
_v1998 _x1132-8428 _a21 |
||
| 505 | _tPreguntas | ||
| 505 | _tAlfredo Jaar | ||
| 505 | _tEl sueño de la razon | ||
| 505 | _tErnesto Neto | ||
| 505 | _tDoor into de Darkness | ||
| 505 | _tEulalia Valldosera | ||
| 505 | _tVulgo | ||
| 505 | _tArte Arabe | ||
| 505 | _tMona Hatoum | ||
| 505 | _tRachid Koraichi | ||
| 505 | _tLa Realidad Absoluta | ||
| 505 | _tRobert Rauschenberg | ||
| 505 | _tProyecto de Pablo Reinoso | ||
| 505 | _tSergio Brito | ||
| 505 | _tProyecto de Nuria Manso | ||
| 505 | _tNicola Costantino | ||
| 505 | _tConversación con Billy Hare | ||
| 505 | _tPaco Sanchez | ||
| 505 | _tAngola | ||
| 505 | _tDak'Art 98 | ||
| 650 |
_2Tesauro de Arte & Arquitectura _aARTE _9703 |
||
| 650 |
_2Tesauro de Arte & Arquitectura _aEXPOSICIONES |
||
| 650 |
_2Tesauro de Arte & Arquitectura _aCULTURA |
||
| 650 |
_2Tesauro de Arte & Arquitectura _aAPRECIACION |
||
| 650 |
_2Tesauro de Arte & Arquitectura _aTEORIA |
||
| 650 |
_2Tesauro de Arte & Arquitectura _aCRITICA |
||
| 650 |
_2Tesauro de Arte & Arquitectura _aFOTOGRAFIA _9702 |
||
| 650 |
_2Tesauro de Arte & Arquitectura _aLITERATURA |
||
| 650 |
_2Tesauro de Arte & Arquitectura _aESPAÑA |
||
| 942 |
_2ddc _c1 _h700 _iZ39a _n0 |
||
| 999 |
_c3405 _d3405 |
||